=LDR 00000nam 2200000 4500 =001 INLIS000000000048859 =005 20200304065543 =035 ##$$a 0010-011700000000140 =008 200304################g##########0#ind## =020 ##$$a 979-26-4305-2 =040 ##$$a NBPDMAT =082 ##$$a 297.81 =084 ##$$a 297.81 SIR i =100 ##$$a Sirajuddin Abbas =245 1#$$a I'tiqad alussunah wal-jama'ah /$c K.H.Sirajuddin Abbas =260 ##$$a Jakartan :$b Pustaka Tarbiyah Baru,$c 2010 =300 ##$$a xvii, 422 hlm. ; $c 14,5x20,5 cm. =500 ##$$a Bibliografi ; hlm . 417-421 =650 #4$$a Ahlussunah Wal Jama'ah =850 ##$$a NBPDMAT =990 ##$$a 124.962/Pro-97 =990 ##$$a 21601215 =990 ##$$a 21601216 =990 ##$$a 21601217 =990 ##$$a 21601218 =990 ##$$a 21601219 =990 ##$$a 21602322/BPAP-NTB/2017 =990 ##$$a 21602694/BPAP-NTB/2017